The Rabbit's Whiskers and Other Stories

Bibliographic Details
Main Author: Blyton, Enid
Other Authors: Tanner, Suzy-Jane (illustrated)
Format: Book
Subjects:

MARC

LEADER 00000cam a2200000 7i4500
001 0000009930
002 000010816
005 20240102095158.0
020 |a 0861637208 
090 0 0 |a JF   |b BLY 
100 1 |a Blyton, Enid 
245 1 4 |a The Rabbit's Whiskers and Other Stories   |c Enid Blyton ; illustrated by Suzy-Jane Tanner 
300 |a 30p. :   |b ill. ;   |c 18cm. 
650 0 0 |a Children's stories 
700 1 |a Tanner, Suzy-Jane ,   |e illustrated 
999 |a 045017   |b BUKU   |c PINJAMAN   |e PERPUSTAKAAN KOMUNITI PETALING JAYA 
999 |a 045018   |b BUKU   |c PINJAMAN   |e PERPUSTAKAAN KOMUNITI CAW KOTA DAMANSARA 
999 |a 045019   |b BUKU   |c PINJAMAN   |e PERPUSTAKAAN KOMUNITI PETALING JAYA 
999 |a 045107   |b BUKU   |c PINJAMAN   |e PERPUSTAKAAN KOMUNITI PETALING JAYA 
999 |a 045108   |b BUKU   |c PINJAMAN   |e PERPUSTAKAAN KOMUNITI CAW KOTA DAMANSARA 
999 |a 045109   |b BUKU   |c PINJAMAN   |e PERPUSTAKAAN KOMUNITI PETALING JAYA